Frontlines of diplomacy : (Record no. 115745)
[ view plain ]
| 000 -LEADER | |
|---|---|
| fixed length control field | 00623nam a2200169Ia 4500 |
| 008 - FIXED-LENGTH DATA ELEMENTS--GENERAL INFORMATION | |
| fixed length control field | 140429s9999 xx 000 0 und d |
| 020 ## - INTERNATIONAL STANDARD BOOK NUMBER | |
| International Standard Book Number | 9789712725586 |
| 050 ## - LIBRARY OF CONGRESS CALL NUMBER | |
| Classification number | JZ 1763 |
| Item number | .F928 2011 |
| 245 ## - TITLE STATEMENT | |
| Title | Frontlines of diplomacy : |
| Remainder of title | conversations with Philippine Ambassadors : an oral history project of the Foreign Service Institute / |
| Statement of responsibility, etc | J. Eduardo Malaya, editor. |
| 260 ## - PUBLICATION, DISTRIBUTION, ETC. (IMPRINT) | |
| Place of publication, distribution, etc | Philippines : |
| Name of publisher, distributor, etc | Anvil Pub., |
| Date of publication, distribution, etc | c2011. |
| 300 ## - PHYSICAL DESCRIPTION | |
| Extent | 283 p. : |
| Other physical details | ill. ; |
| Dimensions | 23 cm. |
| 500 ## - GENERAL NOTE | |
| General note | Includes bibliographical references. |
| 521 ## - TARGET AUDIENCE NOTE | |
| Target audience note | |
| 650 ## - SUBJECT ADDED ENTRY--TOPICAL TERM | |
| Topical term or geographic name as entry element | Diplomatic and Consular service, Philippines. |
| 942 ## - ADDED ENTRY ELEMENTS (KOHA) | |
| Call number prefix | Local |
| Koha item type | Books |
| Withdrawn status | Lost status | Source of classification or shelving scheme | Damaged status | Home library | Current library | Shelving location | Date acquired | Source of acquisition | Cost, normal purchase price | Total Checkouts | Full call number | Barcode | Date last seen | Price effective from | Koha item type |
|---|---|---|---|---|---|---|---|---|---|---|---|---|---|---|---|
| Library of Congress Classification | College Library | College Library | General Circulation Section | 04/29/2014 | Library Fund | 495.00 | JZ 1763.A7 .F928 2011 | C16837 | 05/15/2018 | 04/29/2014 | Books |